Т. 43. Армянская ССР. Геологическое описание; Геология СССР

Бібліографічні деталі
Parent link:Геология СССР/ Гл. ред. А. В. Сидоренко. Т. 43. Армянская ССР. Геологическое описание.— , 1957-
Інші автори: Асланян А. Т. (редактор)
Мова:Російська
Опубліковано: 1970
Предмети:
Формат: MixedMaterials Книга
KOHA link:https://koha.lib.tpu.ru/cgi-bin/koha/opac-detail.pl?biblionumber=47411

MARC

LEADER 00000nam2a2200000 4500
001 47411
005 20231031030126.0
035 |a (RuTPU)RU\TPU\book\49511 
090 |a 47411 
100 |a 20030206d1970 k y0rusy50 ca 
101 0 |a rus 
102 |a RU 
105 |a a z 001zy 
200 0 |a Т. 43. Армянская ССР. Геологическое описание  |f под ред. А. Т. Асланяна 
210 |d 1970 
215 |a 464 с.  |c ил.  |e Прил.: 2 отд. л. карт 
320 |a Библиогр.: с. 444-463. 
461 1 |0 (RuTPU)RU\TPU\book\49176  |t Геология СССР  |f Гл. ред. А. В. Сидоренко  |v Т. 43. Армянская ССР. Геологическое описание  |d 1957- 
610 1 |a геология 
610 1 |a СССР 
610 1 |a Армянская ССР 
610 1 |a геологическое описание 
610 1 |a геологическое строение 
610 1 |a геологическое развитие 
610 1 |a история 
610 1 |a стратиграфия 
610 1 |a магматизм 
610 1 |a тектоника 
610 1 |a геоморфология 
675 |a 55(с)  |v 3 
702 1 |a Асланян  |b А. Т.  |4 340 
801 1 |a RU  |b 63413507  |c 20030206  |g PSBO 
801 2 |a RU  |b 63413507  |c 20061023  |g PSBO 
942 |c BK